• 首页
  • 本馆介绍
  • 公告通知
  • 最新文献
  • 馆藏检索
  • 电子资源
  • 读者导购
  • 参考咨询
  • 我的图书馆
  • 登录
  • 详细信息显示
  • 放入我的书架
  • 预约/预借图书
  • 作者相关作品
  • 分类相关作品
  • 丛书相关作品
  • 出版社相关作品

书目信息

  • 表格格式
  • 工作单格式
  • 卡片格式
题名:
论无限:无限的数学与哲学:徐利治数学科学选讲
    
 
作者: 徐利治 著
分册:  
出版信息: 大连   大连理工大学出版社  2018.01
页数: 211页
开本: 26cm
丛书名: 数学科学文化理念传播丛书
单 册:
中图分类: B025.9 , O1-0
科图分类:
主题词: 无限--研究 , 无限--数学分析 , 数学理论
电子资源:
ISBN: 978-7-5685-1133-9
000 01414oam2 2200301 450
001 3608
005 20181008104616.80
010    @a978-7-5685-1133-9@dCNY39.00
100    @a20180513d2018 em y0chiy50 ea
101 0  @achi
102    @aCN@b210000
105    @ay z 000yy
200 1  @a论无限:无限的数学与哲学:徐利治数学科学选讲@Alun wu xian:wu xian de shu xue yu zhe xue:xu li zhi shu xue ke xue xuan jiang@9lun wu xian@e无限的数学与哲学@dOn the infinity@einfinite mathematics and philosophy@f徐利治著@zeng
210    @a大连@c大连理工大学出版社@d2018.01
215    @a211页@d26cm
225 1  @a数学科学文化理念传播丛书@h第三辑@i徐利治数学科学选讲@v04
330    @a本书分上下两篇。上篇针对“无限”几个核心问题,提供了一系列论述、分析、解答和可供参考研究的信息。例如,深入阐释了为什么自然数的“无限性”能在人脑概念中产生截然不同的印象和观念;用“无限观”审视数学分析中的“极限论”,并且附带澄清了极限论中有时会招致误解的概念问题;讲述了近、现代发展起来的非标律分析方法及其应用。下篇是作者关于“无限”的8篇文章。
461  0 @12001 @a数学科学文化理念传播丛书
462  0 @12001 @a徐利治数学科学选讲
510 1  @aOn the infinity@einfinite mathematics and philosophy@zeng
606 0  @a无限@x研究
606 0  @a无限@x数学分析
606 0  @a数学理论
690    @aB025.9@v5
690    @aO1-0@v4
701  0 @a徐利治@9xu li zhi@f(1920-)@4著
801  0 @aCN@b91MARC@c20180513
905    @aMuseLib@dO1-0@e514
    
    论无限:无限的数学与哲学:徐利治数学科学选讲:无限的数学与哲学=On the infinity:infinite mathematics and philosophy/徐利治著.-大连:大连理工大学出版社,2018.01
    211页;26cm.-(数学科学文化理念传播丛书.第三辑.徐利治数学科学选讲;04)
    
    
    ISBN 978-7-5685-1133-9:CNY39.00
    本书分上下两篇。上篇针对“无限”几个核心问题,提供了一系列论述、分析、解答和可供参考研究的信息。例如,深入阐释了为什么自然数的“无限性”能在人脑概念中产生截然不同的印象和观念;用“无限观”审视数学分析中的“极限论”,并且附带澄清了极限论中有时会招致误解的概念问题;讲述了近、现代发展起来的非标律分析方法及其应用。下篇是作者关于“无限”的8篇文章。
●
相关链接 在E读中查询图书 在五车中查询图书 在当当中查询图书 在豆瓣中查询图书


正题名:论无限:无限的数学与哲学:徐利治数学科学选讲     索取号:O1-0/514         预约/预借

序号 登录号 条形码 馆藏地/架位号 状态 备注
1 1122842   211228429   第二样本阅览室/ [索取号:O1-0/514] 在馆    
2 1122843   211228438   第三借阅区/ [索取号:O1-0/514] 在馆    
3 1122844   211228447   第三借阅区/ [索取号:O1-0/514] 在馆    
4 1122845   211228456   第三借阅区/ [索取号:O1-0/514] 在馆    
5 1122846   211228465   第三借阅区/ [索取号:O1-0/514] 在馆    
唐山师范学院图书馆 欢迎您!
大连网信软件有限公司© 版权所有